Excursions in classical analysis : pathways to advances problem solving and undergraduate research
Αποθηκεύτηκε σε:
| Κύριος συγγραφέας: | |
|---|---|
| Μορφή: | Βιβλίο |
| Γλώσσα: | English |
| Δημοσίευση: |
Washinghton, DC :
Mathematical Association of America,
c2010
|
| Σειρά: | Classroom resource materials
|
| Θέματα: | |
| Ετικέτες: |
Προσθήκη ετικέτας
Δεν υπάρχουν, Καταχωρήστε ετικέτα πρώτοι!
|
MARC
| LEADER | 00000nam a2200000 i 4500 | ||
|---|---|---|---|
| 001 | 1/29203 | ||
| 008 | 130429s2010 eng d | ||
| 020 | |a 978-0-88385-768-7 (hbk.) | ||
| 035 | |l 10114334 | ||
| 040 | |a GR-MY-UA |b gre |e aacr | ||
| 041 | 0 | |a eng | |
| 082 | 0 | |a 515 |2 (22) | |
| 100 | 1 | |a Chen, Hongwei. | |
| 245 | 1 | 0 | |a Excursions in classical analysis : |b pathways to advances problem solving and undergraduate research / |c Hongwei Chen |
| 260 | |a Washinghton, DC : |b Mathematical Association of America, |c c2010 | ||
| 300 | |a xiii, 301 σ.; |b σχέδια; |c 26 εκ. | ||
| 490 | 1 | |a Classroom resource materials | |
| 504 | |a Περιέχει βιβλιογραφικές παραπομπές και ευρετήριο | ||
| 650 | 0 | 0 | |a Mathematical analysis |x Problems, exercises, etc. |
| 830 | 0 | |a Classroom resource materials | |
| 852 | |a INST |b CHIOS |e 20130429 |h 515 CHE |p 005200035370 |q 005200035370 |t BK |y 0 | ||
| 901 | |a BIBL2-2013-1 | ||
| 909 | |a Χ |b 177549 | ||
| 922 | |a 2ΕΛΗ |b 201210 |c ΤΑΚ/ΤΜΟΔ |d ΙΩΑΝΝΙΔΟΥ | ||
| 970 | |a ΣΠΕΝΤΖΑ |b ΕΛΕΝΗ |z 2013/04/29 | ||